[Event "Graz Casino op-B"]
[Site "Graz"]
[Date "2014.02.14"]
[Round "1"]
[White "Mujacic, Haris"]
[Black "Yarur Elsaca, Daniel"]
[Result "1-0"]
[WhiteElo "1981"]
[BlackElo "1607"]
[PlyCount "117"]
[EventDate "2014.02.14"]
[EventType "swiss"]
[EventRounds "9"]
[EventCountry "AUT"]
[SourceTitle "CBM 158 Extra"]
[Source "ChessBase"]
[SourceDate "2014.02.28"]
[SourceVersion "1"]
[SourceVersionDate "2014.02.28"]
[SourceQuality "1"]

1. d4 d5 2. Nf3 Bf5 3. Bf4 e6 4. e3 Nf6 5. Bd3 Ne4 6. Nbd2 Nc6 7. 0-0 Bd6 8. Bg3 h5 9. Bb5 h4 10. Bxd6 Qxd6 11. Ne5 f6 12. Nxe4 Bxe4 13. Nxc6 bxc6 14. Bd3 Bxd3 15. Qxd3 Kf7 16. c4 dxc4 17. Qxc4 Qd5 18. Qxd5 cxd5 19. Rfc1 Rac8 20. Rc6 Ke7 21. Rac1 Kd7 22. R1c5 Rhe8 23. Ra6 Ra8 24. b4 Reb8 25. a3 Rb6 26. Rca5 Rxa6 27. Rxa6 c6 28. Kf1 Kc7 29. a4 e5 30. Ke2 g5 31. Kf3 exd4 32. exd4 f5 33. b5 cxb5 34. axb5 Kb7 35. Rd6 a6 36. Rxd5 a5 37. Rxf5 a4 38. Rc5 Rc8 39. Re5 Rc1 40. Re2 a3 41. Rd2 Rb1 42. Ra2 Rb3+ 43. Kg4 Kb6 44. Kxg5 h3 45. gxh3 Kxb5 46. f4 Kb4 47. h4 Rd3 48. h5 Kb3 49. Re2 Rxd4 50. h6 a2 51. Rxa2 Kxa2 52. h7 Rd8 53. f5 Kb3 54. Kg6 Kc4 55. f6 Kd5 56. Kg7 Ke6 57. f7 Rd7 58. h8Q Rxf7+ 59. Kg6 1-0

[Event "Gibraltar Masters 8th"]
[Site "Caleta"]
[Date "2010.01.31"]
[Round "6"]
[White "Hansen, Erle Andrea Marki"]
[Black "Yarur Elsaca, Daniel"]
[Result "1-0"]
[WhiteElo "1699"]
[BlackElo "1815"]
[PlyCount "55"]
[EventDate "2010.01.26"]
[EventType "swiss"]
[EventRounds "10"]
[EventCountry "GGB"]
[SourceTitle "CBM 134 Extra"]
[Source "ChessBase"]
[SourceDate "2010.03.03"]
[SourceVersion "1"]
[SourceVersionDate "2010.03.03"]
[SourceQuality "1"]

1. e4 e5 2. Nf3 d6 3. d4 exd4 4. Nxd4 g6 5. Nc3 Bg7 6. Be3 Nf6 7. Be2 0-0 8. Qd2 Re8 9. f3 Nc6 10. 0-0-0 Nxd4 11. Bxd4 Be6 12. g4 a6 13. g5 Nd7 14. Bxg7 Kxg7 15. h4 Nb6 16. h5 Kg8 17. hxg6 fxg6 18. Rxh7 Kxh7 19. Rh1+ Bh3 20. Rxh3+ Kg8 21. Nd5 Nd7 22. f4 c5 23. Qc3 Rxe4 24. Rh8+ Kf7 25. Rh7+ Ke6 26. Qd3 Ne5 27. Qxe4 Qg8 28. Re7# 1-0

[Event "Gibraltar Masters 8th"]
[Site "Caleta"]
[Date "2010.01.29"]
[Round "4"]
[White "De Andres Gonalons, Fernando"]
[Black "Yarur Elsaca, Daniel"]
[Result "1-0"]
[WhiteElo "2124"]
[BlackElo "1815"]
[PlyCount "101"]
[EventDate "2010.01.26"]
[EventType "swiss"]
[EventRounds "10"]
[EventCountry "GGB"]
[SourceTitle "CBM 134 Extra"]
[Source "ChessBase"]
[SourceDate "2010.03.03"]
[SourceVersion "1"]
[SourceVersionDate "2010.03.03"]
[SourceQuality "1"]

1. d4 d5 2. c4 Bf5 3. Nf3 Bxb1 4. Rxb1 Nf6 5. Qb3 dxc4 6. Qxb7 Nbd7 7. Bf4 e5 8. dxe5 Rb8 9. Qc6 Bb4+ 10. Bd2 Bxd2+ 11. Nxd2 Rb6 12. Qa4 Nd5 13. Nxc4 Nc3 14. Qc2 Nxb1 15. Nxb6 axb6 16. Qxb1 Nxe5 17. Qe4 Qe7 18. f4 Ng6 19. Qc6+ Kd8 20. Qa8+ Kd7 21. Qd5+ Kc8 22. Qa8+ Kd7 23. Qa4+ Kc8 24. g3 Re8 25. Qa8+ Kd7 26. Bh3+ Kd6 27. Qa3+ c5 28. Qd3+ Kc7 29. 0-0 Qe3+ 30. Qxe3 Rxe3 31. Kf2 Re7 32. Rd1 Nf8 33. Kf3 Ne6 34. e3 Kc6 35. Bf1 h6 36. g4 Nc7 37. h4 Nd5 38. Bb5+ Kxb5 39. Rxd5 Kc6 40. e4 Ra7 41. a3 c4 42. Rd8 b5 43. g5 Kc7 44. Rg8 c3 45. bxc3 Rxa3 46. Rxg7 Rxc3+ 47. Kg4 hxg5 48. fxg5 b4 49. g6 b3 50. gxf7 b2 51. f8Q+ 1-0

[Event "Gibraltar Challengers-B"]
[Site "Gibraltar"]
[Date "2009.02.01"]
[Round "1"]
[White "Yarur Elsaca, Daniel"]
[Black "Randall, David Charles"]
[Result "0-1"]
[WhiteElo "1815"]
[BlackElo "1576"]
[PlyCount "85"]
[EventDate "2009.02.01"]
[EventType "swiss"]
[EventRounds "5"]
[EventCountry "ENG"]
[SourceTitle "EXT 2012"]
[Source "ChessBase"]
[SourceDate "2011.11.24"]
[SourceVersion "1"]
[SourceVersionDate "2011.11.24"]
[SourceQuality "1"]

1. e4 c5 2. c3 Nf6 3. e5 Nd5 4. d4 cxd4 5. Nf3 e6 6. cxd4 b6 7. Bc4 Bb7 8. 0-0 d6 9. Nc3 Nxc3 10. bxc3 d5 11. Bd3 Be7 12. Qc2 h6 13. Be3 0-0 14. Bh7+ Kh8 15. Bd3 Ba6 16. c4 Bxc4 17. Bxc4 dxc4 18. Qxc4 Nd7 19. Qd3 Rc8 20. h3 Qc7 21. Rac1 Qb7 22. Nh2 Rxc1 23. Bxc1 Qd5 24. a3 Nxe5 25. Qe2 Nc4 26. Nf3 Rc8 27. Qc2 Nd6 28. Qa4 Qb7 29. Ne5 Kg8 30. f3 b5 31. Qb3 Qd5 32. Qd3 Nf5 33. Bb2 Nd6 34. Kh1 Nc4 35. Qc3 Qb7 36. Rc1 Nd6 37. Nc6 Bf6 38. Qc5 Nc4 39. Na5 Rxc5 40. Nxb7 Rd5 41. Bc3 Bxd4 42. Bb4 Bb2 43. Rb1 0-1

[Event "Gibraltar Challengers Week2"]
[Site "Gibraltar"]
[Date "2007.01.31"]
[Round "4"]
[White "Yarur Elsaca, Daniel"]
[Black "Benaddi, Mouhcine"]
[Result "0-1"]
[WhiteElo "1913"]
[BlackElo "2084"]
[PlyCount "64"]
[EventDate "2007.01.28"]
[EventType "swiss"]
[EventRounds "5"]
[EventCountry "ENG"]
[SourceTitle "EXT 2008"]
[Source "ChessBase"]
[SourceDate "2007.11.25"]
[SourceVersion "1"]
[SourceVersionDate "2007.11.25"]
[SourceQuality "1"]

1. d4 d5 2. Nf3 Nf6 3. Bg5 Ne4 4. Bf4 c5 5. e3 e6 6. Nbd2 Qb6 7. Rb1 Nc6 8. c3 Nxd2 9. Qxd2 Be7 10. Bd3 0-0 11. 0-0 Bf6 12. Bd6 Be7 13. dxc5 Qa5 14. Bxe7 Nxe7 15. b4 Qc7 16. Qc2 h6 17. Nd4 b6 18. f4 bxc5 19. bxc5 Qxc5 20. Rf3 Bd7 21. Rb7 Rfd8 22. Qb2 Rac8 23. Ne2 Bc6 24. Rb4 Qd6 25. Nd4 Rb8 26. Rg3 a5 27. Nxc6 Nxc6 28. c4 d4 29. Rxb8 Rxb8 30. Qa1 e5 31. f5 dxe3 32. Qe1 Qxd3 0-1

[Event "Gibraltar Challengers Week2"]
[Site "Gibraltar"]
[Date "2007.01.30"]
[Round "3"]
[White "Perez Romero, Carlos Dario"]
[Black "Yarur Elsaca, Daniel"]
[Result "0-1"]
[WhiteElo "2019"]
[BlackElo "1913"]
[PlyCount "72"]
[EventDate "2007.01.28"]
[EventType "swiss"]
[EventRounds "5"]
[EventCountry "ENG"]
[SourceTitle "EXT 2008"]
[Source "ChessBase"]
[SourceDate "2007.11.25"]
[SourceVersion "1"]
[SourceVersionDate "2007.11.25"]
[SourceQuality "1"]

1. e4 e5 2. Nf3 d6 3. d4 exd4 4. Nxd4 Nf6 5. Nc3 Be7 6. Be2 0-0 7. 0-0 Re8 8. f4 Bf8 9. Bf3 c6 10. Re1 Qc7 11. a4 Na6 12. Kh1 Nb4 13. Nde2 d5 14. e5 Ng4 15. Bxg4 Bxg4 16. h3 Bf5 17. Nd4 Bd7 18. Na2 Na6 19. c3 Nc5 20. Be3 Ne4 21. Nc1 Qc8 22. Kh2 Be7 23. g3 Bxh3 24. Nd3 Bg4 25. Nf3 Qf5 26. Kg2 Bh3+ 27. Kg1 Nxg3 28. Kf2 Ne4+ 29. Ke2 Bg4 30. Rg1 Bh4 31. Qf1 Re6 32. Kd1 Ng3 33. Rxg3 Bxg3 34. Kd2 Rh6 35. Nd4 Rh2+ 36. Kc1 Qe4 0-1

[Event "Gibraltar Masters"]
[Site "Gibraltar"]
[Date "2007.01.23"]
[Round "1"]
[White "Nemcova, Katerina"]
[Black "Yarur Elsaca, Daniel"]
[Result "1-0"]
[WhiteElo "2147"]
[BlackElo "1913"]
[PlyCount "75"]
[EventDate "2007.01.23"]
[EventType "swiss"]
[EventRounds "9"]
[EventCountry "ENG"]
[SourceTitle "CBM 116 Extra"]
[Source "ChessBase"]
[SourceDate "2007.03.07"]
[SourceVersion "1"]
[SourceVersionDate "2007.03.07"]
[SourceQuality "1"]

1. e4 e5 2. Nf3 Nf6 3. Nxe5 d6 4. Nf3 Nxe4 5. Nc3 d5 6. Qe2 Be7 7. Nxe4 dxe4 8. Qxe4 0-0 9. Bd3 f5 10. Bc4+ Kh8 11. Qd3 Bd6 12. 0-0 Nd7 13. Re1 Nc5 14. Qf1 Bd7 15. d3 Qf6 16. c3 b5 17. Bd5 c6 18. Bb3 h6 19. Be3 g5 20. Bd4 Qxd4 21. Nxd4 f4 22. Ne6 Rf6 23. Nxc5 Bxc5 24. d4 Bd6 25. Bc2 g4 26. Qd3 Bf5 27. Qxf5 Rxf5 28. Bxf5 h5 29. Re6 Rf8 30. Rxd6 Rxf5 31. Rxc6 h4 32. Re1 Kg7 33. Re7+ Kf8 34. Rxa7 Kg8 35. Rc8+ Rf8 36. Rxf8+ Kxf8 37. a4 bxa4 38. Rxa4 1-0